Normal view MARC view
  • financial decisions

Entry Geographic Name

Number of records used in: 1

001 - CONTROL NUMBER

  • control field: 134452

003 - CONTROL NUMBER IDENTIFIER

  • control field: NUST

005 - DATE AND TIME OF LATEST TRANSACTION

  • control field: 20260513161207.0

008 - FIXED-LENGTH DATA ELEMENTS

  • fixed length control field: 260513|| aca||aabn | a|a d

040 ## - CATALOGING SOURCE

  • Original cataloging agency: NUST
  • Transcribing agency: NUST

151 ## - HEADING--GEOGRAPHIC NAME

  • Geographic name: financial decisions

670 ## - SOURCE DATA FOUND

  • Source citation: Work cat.: (NUST): Housel, Morgan 134450, The psychology of money:, 2021
© 2023 Central Library, National University of Sciences and Technology. All Rights Reserved.